[Event "Haarlem op"]
[Site "Haarlem"]
[Date "2007.06.30"]
[Round "4"]
[White "Bruyn, Dennis"]
[Black "Van Haastert, Edwin"]
[Result "0-1"]
[WhiteElo "1988"]
[BlackElo "2408"]
[PlyCount "114"]
[EventDate "2007.06.29"]
[EventType "swiss"]
[EventRounds "6"]
[EventCountry "NED"]
[SourceTitle "EXT 2010"]
[Source "ChessBase"]
[SourceDate "2010.11.25"]
[SourceVersion "1"]
[SourceVersionDate "2010.11.25"]
[SourceQuality "1"]

1. d4 Nf6 2. c3 g6 3. Nf3 Bg7 4. Nbd2 d5 5. g3 0-0 6. Bg2 Nbd7 7. 0-0 c5 8. Re1 cxd4 9. cxd4 Nb6 10. b3 Ne4 11. Bb2 Bf5 12. Rc1 Qd6 13. Nxe4 Bxe4 14. Qd2 Rfc8 15. Rxc8+ Rxc8 16. Rc1 Rc6 17. Ne1 Bxg2 18. Kxg2 e6 19. Nd3 Qc7 20. e3 Bf8 21. Rxc6 Qxc6 22. Qc3 Nc4 23. Kg1 Nxb2 24. Qxc6 bxc6 25. Nxb2 c5 26. dxc5 Bxc5 27. Nd3 Bd6 28. b4 Kf8 29. Kf1 Ke7 30. Ke2 e5 31. b5 e4 32. Nc1 Ba3 33. Nb3 Kd6 34. Kd2 Bb4+ 35. Ke2 Ba3 36. Kd2 Bb4+ 37. Ke2 Bc3 38. a4 f5 39. a5 Kc7 40. h3 Bb4 41. f3 Bd6 42. g4 fxg4 43. fxg4 h5 44. Kd2 hxg4 45. hxg4 Bb4+ 46. Ke2 Kb7 47. Kd1 Kc7 48. Kc2 Kd6 49. Kb2 Bc5 50. Nxc5 Kxc5 51. b6 axb6 52. a6 Kc6 53. Kc3 b5 54. Kb4 Kb6 55. a7 Kxa7 56. Kxb5 d4 57. exd4 e3 0-1

[Event "Haarlem op"]
[Site "Haarlem"]
[Date "2007.06.30"]
[Round "3"]
[White "Van Zutphen, Jimmy"]
[Black "Bruyn, Dennis"]
[Result "1/2-1/2"]
[WhiteElo "2210"]
[BlackElo "1988"]
[PlyCount "110"]
[EventDate "2007.06.29"]
[EventType "swiss"]
[EventRounds "6"]
[EventCountry "NED"]
[SourceTitle "EXT 2010"]
[Source "ChessBase"]
[SourceDate "2010.11.25"]
[SourceVersion "1"]
[SourceVersionDate "2010.11.25"]
[SourceQuality "1"]

1. d4 e6 2. c3 f5 3. Nf3 Nf6 4. Bg5 d5 5. e3 Bd6 6. Bd3 0-0 7. Ne5 Qe8 8. f4 c5 9. 0-0 Bd7 10. Qe2 c4 11. Bc2 b5 12. a3 a5 13. Nd2 Nc6 14. Kh1 Rb8 15. Bxf6 Rxf6 16. g4 Bxe5 17. fxe5 Rf7 18. gxf5 exf5 19. Qg2 Kh8 20. Rg1 b4 21. axb4 axb4 22. Raf1 bxc3 23. bxc3 Rb2 24. Nf3 g6 25. Rb1 Ra2 26. Ra1 Rb2 27. Rgb1 Rxb1+ 28. Rxb1 Be6 29. Ba4 Ra7 30. Bxc6 Qxc6 31. Qb2 Bc8 32. Qb8 Rb7 33. Rxb7 Qxb7 34. Qd6 Qb1+ 35. Kg2 Qc2+ 36. Kg3 f4+ 37. exf4 Qf5 38. Qxd5 Qh3+ 39. Kf2 Bg4 40. Qe4 Bxf3 41. Qxf3 Qxh2+ 42. Kf1 h5 43. e6 Kg7 44. d5 Qd2 45. e7 Kf7 46. e8Q+ Kxe8 47. Qe4+ Kd8 48. Qxc4 h4 49. Qd4 Qxd4 50. cxd4 Kd7 51. Kg2 Kd6 52. Kh3 Kxd5 53. Kxh4 Kxd4 54. Kg5 Ke4 55. Kxg6 Kxf4 1/2-1/2